[Event "Kiryat Ono Summer op"]
[Site "Kiryat Ono"]
[Date "2016.07.04"]
[Round "2"]
[White "Bodenshtein, Yair"]
[Black "Altshul, Limor"]
[Result "0-1"]
[WhiteElo "2004"]
[BlackElo "2113"]
[PlyCount "134"]
[EventDate "2016.07.03"]
[EventType "swiss"]
[EventRounds "5"]
[EventCountry "ISR"]
[SourceTitle "CBM 173 Extra"]
[Source "ChessBase"]
[SourceDate "2016.08.29"]
[SourceVersion "1"]
[SourceVersionDate "2016.08.29"]
[SourceQuality "1"]

1. e4 c5 2. Nf3 d6 3. Bb5+ Nc6 4. 0-0 Bd7 5. d4 cxd4 6. Nxd4 Nf6 7. Re1 g6 8. Nc3 Bg7 9. Nf3 0-0 10. Bxc6 Bxc6 11. e5 Ng4 12. exd6 Qb6 13. Be3 Nxe3 14. Rxe3 Rfd8 15. Qe2 Rxd6 16. Rb1 Rc8 17. Ne4 Rd7 18. c4 f5 19. Neg5 h6 20. Rxe7 Bxf3 21. Nxf3 Rxe7 22. Qxe7 Rxc4 23. Qe2 Qc5 24. Qe3 Qxe3 25. fxe3 Rc2 26. Nd4 Rd2 27. Kf1 Kf7 28. a4 Bxd4 29. exd4 Rxd4 30. Rc1 Rb4 31. Rc2 Kf6 32. a5 a6 33. Rd2 Rb5 34. h4 Ke6 35. h5 gxh5 36. Rd8 Rxb2 37. Rh8 Kf6 38. Rxh6+ Kg5 39. Rh7 h4 40. Kg1 Rb5 41. Kh2 Rxa5 42. Rxb7 Ra2 43. Rg7+ Kf6 44. Rh7 Ra4 45. Ra7 a5 46. Kh3 Ke5 47. Re7+ Kd6 48. Ra7 Kc6 49. Ra8 Kb7 50. Rd8 Rf4 51. Rd6 a4 52. g3 hxg3 53. Kxg3 Rg4+ 54. Kf3 a3 55. Rd1 Ra4 56. Ke3 a2 57. Ra1 Kc6 58. Kd3 Kd5 59. Kc3 Ke4 60. Kb2 f4 61. Re1+ Kf3 62. Ka1 Kf2 63. Re8 f3 64. Re7 Kf1 65. Re6 f2 66. Rb6 Ra3 67. Rh6 Kg2 0-1

[Event "ISR-ch qual GpA"]
[Site "Kiryat Ono"]
[Date "2015.12.04"]
[Round "8"]
[White "Ben Ari, Yannay"]
[Black "Bodenshtein, Yair"]
[Result "1-0"]
[WhiteElo "1832"]
[BlackElo "1899"]
[PlyCount "133"]
[EventDate "2015.10.16"]
[EventType "tourn"]
[EventRounds "10"]
[EventCountry "ISR"]
[SourceTitle "CBM 170 Extra"]
[Source "ChessBase"]
[SourceDate "2016.02.25"]
[SourceVersion "1"]
[SourceVersionDate "2016.02.25"]
[SourceQuality "1"]

1. b3 Nf6 2. Bb2 e6 3. e3 d5 4. f4 c5 5. Nf3 Be7 6. Bd3 Nc6 7. 0-0 0-0 8. a3 a6 9. Ne5 Qc7 10. Rf3 g6 11. Rh3 b5 12. Qe1 Nxe5 13. Bxe5 Qd8 14. Qh4 h5 15. Qg3 Ne4 16. Bxe4 dxe4 17. Rxh5 Bf6 18. Nc3 Bb7 19. Bxf6 Qxf6 20. Rxc5 Rac8 21. Rg5 Rfd8 22. Qf2 Rd7 23. Re5 Qd8 24. Nxe4 Bxe4 25. Rxe4 Rxd2 26. Rd4 Qxd4 27. exd4 Rxf2 28. Kxf2 Rxc2+ 29. Kf1 Rb2 30. b4 Kg7 31. d5 exd5 32. Rd1 Rb3 33. Rxd5 Rxa3 34. Rd6 Ra4 35. g3 Ra2 36. Kg1 Kf8 37. Kh1 Ke7 38. Rb6 Ra4 39. Kg2 Rxb4 40. Rxa6 Rb2+ 41. Kh3 b4 42. Rb6 b3 43. Kg4 Rb1 44. Kf3 Kd7 45. Ke3 Kc7 46. Rb4 Kc6 47. Kd3 Kc5 48. Rb8 b2 49. Kc3 Rc1+ 50. Kxb2 Rh1 51. Rh8 Kd5 52. Kc2 Ke4 53. Kc3 Kf3 54. Kd4 Re1 55. Rh7 f5 56. Kd5 Re2 57. Rh6 Kg2 58. Rxg6 Kxh2 59. g4 fxg4 60. Rxg4 Kh3 61. Rg7 Kh4 62. f5 Rf2 63. Ke6 Re2+ 64. Kf7 Kh5 65. f6 Kh6 66. Rg1 Rh2 67. Kg8 1-0

[Event "ISR-ch qual GpA"]
[Site "Kiryat Ono"]
[Date "2015.11.20"]
[Round "6"]
[White "Bodenshtein, Yair"]
[Black "Kremer, Ilay"]
[Result "1-0"]
[WhiteElo "1899"]
[BlackElo "1622"]
[PlyCount "117"]
[EventDate "2015.10.16"]
[EventType "tourn"]
[EventRounds "10"]
[EventCountry "ISR"]
[SourceTitle "CBM 170 Extra"]
[Source "ChessBase"]
[SourceDate "2016.02.25"]
[SourceVersion "1"]
[SourceVersionDate "2016.02.25"]
[SourceQuality "1"]

1. e4 c6 2. d4 d5 3. Nd2 dxe4 4. Nxe4 Nf6 5. Nxf6+ exf6 6. c3 Bd6 7. Bd3 Be6 8. Ne2 Nd7 9. Nf4 Qc7 10. Nxe6 fxe6 11. Qg4 Nf8 12. Bd2 0-0-0 13. 0-0-0 g5 14. Bc4 Re8 15. Qh5 Ng6 16. g3 c5 17. dxc5 Bxc5 18. Qe2 Ne5 19. Bb5 Re7 20. f4 gxf4 21. Bxf4 Bd6 22. Rd2 Nf7 23. Be3 a6 24. Ba4 Be5 25. Bb3 Nd6 26. Bf2 Rd8 27. Rhd1 Nf7 28. Rxd8+ Nxd8 29. Qc4 Qxc4 30. Bxc4 Rd7 31. Rxd7 Kxd7 32. Bd3 f5 33. Kd2 Nf7 34. Be3 Kd6 35. b4 Kc6 36. c4 Nd6 37. a4 Ne8 38. b5+ axb5 39. cxb5+ Kd5 40. a5 Bd4 41. a6 Bxe3+ 42. Kxe3 bxa6 43. bxa6 Nc7 44. Kf4 Kd4 45. Bf1 h6 46. a7 Nd5+ 47. Kf3 Nc7 48. Ba6 e5 49. Bb7 Kd3 50. Bc6 e4+ 51. Kf4 e3 52. Bf3 e2 53. Bxe2+ Kxe2 54. Kxf5 Kd3 55. h4 Kc4 56. g4 Kb5 57. g5 hxg5 58. h5 Kb6 59. h6 1-0

[Event "ISR-ch qual GpA"]
[Site "Kiryat Ono"]
[Date "2015.10.23"]
[Round "2"]
[White "Blass, Uri"]
[Black "Bodenshtein, Yair"]
[Result "1/2-1/2"]
[WhiteElo "2006"]
[BlackElo "1899"]
[PlyCount "163"]
[EventDate "2015.10.16"]
[EventType "tourn"]
[EventRounds "10"]
[EventCountry "ISR"]
[SourceTitle "CBM 170 Extra"]
[Source "ChessBase"]
[SourceDate "2016.02.25"]
[SourceVersion "1"]
[SourceVersionDate "2016.02.25"]
[SourceQuality "1"]

1. d4 Nf6 2. c4 e6 3. Nc3 Bb4 4. e3 d5 5. a3 Bxc3+ 6. bxc3 0-0 7. Nf3 b6 8. Bd3 dxc4 9. Bxc4 Bb7 10. 0-0 Nc6 11. Bd3 Na5 12. Ne5 c5 13. f3 Rc8 14. a4 cxd4 15. cxd4 Nd5 16. Bd2 f6 17. Ng4 Nc4 18. Qe2 Nxd2 19. Qxd2 Qd6 20. Rfc1 Qb4 21. Qxb4 Nxb4 22. Bc4 Kf7 23. Kf2 Rc6 24. Bb5 Rxc1 25. Rxc1 Rc8 26. Rxc8 Bxc8 27. Ke2 a6 28. Bc4 Bd7 29. Bb3 b5 30. axb5 Bxb5+ 31. Kd2 a5 32. Kc3 Bf1 33. e4 Bxg2 34. Bd1 Bh3 35. Ne3 Kg6 36. Nc4 Nc6 37. Ba4 Ne7 38. Kd2 Kg5 39. Ke3 Kh4 40. Kf2 f5 41. Nxa5 fxe4 42. fxe4 Bg4 43. Nc4 Kg5 44. Kg3 Be2 45. Ne3 h5 46. h4+ Kf6 47. Be8 g6 48. Kf4 Bd3 49. Nd1 Bxe4 50. Kxe4 Nf5 51. Kf4 Nxd4 52. Ne3 Ne2+ 53. Kf3 Nc3 54. Bc6 g5 55. hxg5+ Kxg5 56. Ng2 e5 57. Be8 h4 58. Nxh4 Kxh4 59. Bc6 Kg5 60. Ba8 Nb5 61. Ke4 Kf6 62. Ke3 Nd6 63. Bh1 Kf5 64. Bd5 Ne8 65. Be4+ Ke6 66. Kd2 Nd6 67. Ke3 Nxe4 68. Kxe4 Kd6 69. Ke3 Kd5 70. Kd3 e4+ 71. Ke3 Ke5 72. Ke2 Ke6 73. Ke3 Kd5 74. Ke2 Kd4 75. Kd2 e3+ 76. Ke2 Ke4 77. Ke1 Kf4 78. Ke2 Ke4 79. Ke1 Kd3 80. Kd1 Ke4 81. Ke2 Kf4 82. Ke1 1/2-1/2